Research results of the SSE entities in the SR as the contribution to progressive development of social innovation in Slovakia
Medzinárodný vedecký projekt Social & Solidarity Economy (SSE). Nová forma organizácie ekonomického života. SSE aktivity na Slovensku. Sociálna a ekonomická situácia na Slovensku, dôležité indikátory ekonomického a sociálneho života. Odporúčania na zlepšenie pozície subjektov SSE na Slovensku.
Guardado en:
| Autor principal: | |
|---|---|
| Otros Autores: | |
| Formato: | Capítulo de libro |
| Lenguaje: | inglés |
| Materias: | |
| Etiquetas: |
Sin Etiquetas, Sea el primero en etiquetar este registro!
|
MARC
| LEADER | 00000nla a2200000 4500 | ||
|---|---|---|---|
| 001 | 0228700 | ||
| 005 | 20240522140116.4 | ||
| 041 | 0 | |a eng | |
| 044 | |a SK | ||
| 245 | 1 | 0 | |a Research results of the SSE entities in the SR as the contribution to progressive development of social innovation in Slovakia |c Gabriela Dubcová, Georg Sievers |
| 520 | |a Medzinárodný vedecký projekt Social & Solidarity Economy (SSE). Nová forma organizácie ekonomického života. SSE aktivity na Slovensku. Sociálna a ekonomická situácia na Slovensku, dôležité indikátory ekonomického a sociálneho života. Odporúčania na zlepšenie pozície subjektov SSE na Slovensku. | ||
| 610 | 2 | 0 | |a ekonomika sociálna |
| 610 | 2 | 0 | |a solidarita |
| 610 | 2 | 0 | |a projekty medzinárodné |
| 610 | 2 | 0 | |a inovácie sociálne |
| 610 | 2 | 0 | |a Slovensko |
| 100 | 1 | |a Dubcová, Gabriela, 1968- | |
| 700 | 1 | |a Sievers, Georg, 1967- | |